Text book of business law (Record no. 4890)
[ view plain ]
| 000 -LEADER | |
|---|---|
| fixed length control field | 00476nam a22001457a 4500 |
| 020 ## - INTERNATIONAL STANDARD BOOK NUMBER | |
| ISBN | 978812723904 |
| 050 ## - CALL NUMBER | |
| Classification number | KF890 |
| Item number | .T31 |
| 245 ## - TITLE | |
| Title | Text book of business law |
| Statement of responsibility, etc | Grag K. C.; V. K. Sareen; Mukesh Sharma and R. C. Chawla |
| 260 ## - PUBLICATION INFORMATION | |
| Place of publication | New Delhi |
| Name of publisher | Kalyani Publication |
| Year of publication | 2007 |
| 300 ## - DESCRIPTION | |
| Number of Pages | variouse paging. |
| Dimensions | 24cm. |
| 500 ## - NOTES | |
| General note | Includes Test and question<br/> |
| 505 ## - FORMATTED CONTENTS NOTE | |
| Table of Content | 1. Law of contract<br/>2. Law of sale of goods<br/>3. Company law<br/><br/> |
| 650 ## - SUBJECTS | |
| Topical Term | Business law |
| 942 ## - ADDED ENTRY ELEMENTS (KOHA) | |
| Koha item type | Books |
| Withdrawn status | Lost status | Collection code | Home library | Current library | Shelving location | Date acquired | Full call number | Accession Number | Koha item type |
|---|---|---|---|---|---|---|---|---|---|
| Reference | Methodist University Law Library | Methodist University Law Library | General Stacks | KF890 .T31 | 124985 | Books |